El espacio sagrado de los incas : (Record no. 22454)

000 -CABECERA
fixed length control field 01042nam a22002537a 4500
003 - IDENTIFICADOR DEL NÚMERO DE CONTROL
control field AR-CdUCM
008 - DATOS DE LONGITUD FIJA--INFORMACIÓN GENERAL
fixed length control field 190409b ||||| |||| 00| 0 spa d
020 ## - NÚMERO INTERNACIONAL ESTÁNDAR DEL LIBRO
ISBN 9786124121197
040 ## - FUENTE DE LA CATALOGACIÓN
Agencia/entidad que catalogó originalmente la obra MUNICIPALIDAD PROVINCIAL DEL CUSCO
Entidad que transcribió la catalogación BIBLIOTECA MUNICIPAL DEL CUSCO
082 ## - NÚMERO DE LA CLASIFICACIÓN DECIMAL DEWEY
No. de Clasificación 985.019/B344
Notacion interna B344
No. de la edición segunda
100 ## - ENTRADA PRINCIPAL--NOMBRE DE PERSONA
Nombre Personal Bauer, Brian
245 ## - MENCIÓN DE TÍTULO
Título El espacio sagrado de los incas :
Resto del título El sistema de ceques del Cuzco /
Mención de responsabilidad Brian S. Bauer
260 ## - PUBLICACIÓN, DISTRIBUCIÓN, ETC.
Lugar de publicación, distribución, etc. Cusco :
Nombre de la editorial, distribuidor, etc. Centro de Estudios Regionales Andinos Bartolomé de las Casas,
Fecha de publicación, distribución, etc. 2016.
300 ## - DESCRIPCIÓN FÍSICA
Nº de Páginas Extensión 255 páginas ;
Otros detalles físicos Ilustraciones, mapas ;
Dimensiones 29 cm.
440 ## - MENCIÓN DE SERIE/PUNTO DE ACCESO ADICIONAL--TÍTULO
Título Archivos de Historia Andina
Número de la parte/sección de una obra 33
9 (RLIN) 30463
505 ## - NOTA DE CONTENIDO CON FORMATO
Nota de contenido formateada Contenido: El manuscrito original del sistema de ceques -- Huacas -- La organización social del Cuzco y su sistema de ceques -- Las huacas y ceques del Chinchaysuyu ...
650 ## - PUNTO DE ACCESO ADICIONAL DE MATERIA--TÉRMINO DE MATERIA
Descriptor Arqueología
9 (RLIN) 371
650 ## - PUNTO DE ACCESO ADICIONAL DE MATERIA--TÉRMINO DE MATERIA
Descriptor Época Prehispánica
9 (RLIN) 2714
650 ## - PUNTO DE ACCESO ADICIONAL DE MATERIA--TÉRMINO DE MATERIA
Descriptor Cosmovisión andina
9 (RLIN) 5217
650 ## - PUNTO DE ACCESO ADICIONAL DE MATERIA--TÉRMINO DE MATERIA
Descriptor Incas
9 (RLIN) 303
650 ## - PUNTO DE ACCESO ADICIONAL DE MATERIA--TÉRMINO DE MATERIA
Descriptor Inkas
9 (RLIN) 1899
942 ## - ELEMENTOS DE PUNTO DE ACCESO ADICIONAL (KOHA)
Fuente de clasificación
Tipo de item Libros-BMC
945 ## - PROCESAMIENTO DE INFORMACIÓN LOCAL (OCLC)
Catalogador rac
Holdings
Estado de retiro (separado) Fuente de clasificación o esquema de estanterías Estado dañado Ubicación Sala donde se ubica Nombre de la colección Fecha de adquisición o compra Fuente de adquisición Costo, precio normal en soles Signatura topográfica Código de Barras Última vez visto (Koha) Tipo de ítem (Koha)
No     Sala Humanidades Sala Humanidades Book Cart 2022-08-25 Donación 80.00 985.019/B344 SH0000016351 2022-08-25 Libros-BMC
No     Sala Humanidades Sala Humanidades Book Cart 2022-08-25 Donación 80.00 985.019/B344/e.2 SH0000016352 2022-08-25 Libros-BMC

Powered by Koha